The 355 / directed by Simon Kinberg ; screenplay by Theresa Rebeck, Simon Kinberg ; produced by Jessica Chastain, Kelly Carmichael, Simon Kinberg. (Record no. 20929)

000 -LEADER
fixed length control field 01656nam a22002777a 4500
008 - FIXED-LENGTH DATA ELEMENTS--GENERAL INFORMATION
fixed length control field 250528b xxu||||| |||| 00| 0 eng d
082 ## - DEWEY DECIMAL CLASSIFICATION NUMBER
Classification number 791.4372
Item number A11176 2022
245 ## - TITLE STATEMENT
Title The 355 / directed by Simon Kinberg ; screenplay by Theresa Rebeck, Simon Kinberg ; produced by Jessica Chastain, Kelly Carmichael, Simon Kinberg.
300 ## - PHYSICAL DESCRIPTION
Extent 1 videofile, (ca. 123 mins.) :
Other physical details sound, color.
520 ## - SUMMARY, ETC.
Summary, etc When a top-secret weapon falls into mercenary hands, wild card CIA agent Mason "Mace" Brown will need to join forces with rival badass German agent Marie, former MI6 ally and cutting-edge computer specialist Khadijah, and skilled Colombian psychologist Graciela on a lethal, breakneck mission to retrieve it, while also staying one-step ahead of a mysterious woman, Lin Mi Sheng, who is tracking their every move. As the action rockets around the globe from the cafes of Paris to the markets of Morocco to the wealth and glamour of Shanghai, the quartet of women will forge a tenuous loyalty that could protect the world-or get them killed.
521 ## - TARGET AUDIENCE NOTE
Target audience note Rated PG-13 for sequences of strong violence, brief strong language, and suggestive material.
546 ## - LANGUAGE NOTE
Language note In English subtitle.
650 ## - SUBJECT ADDED ENTRY--TOPICAL TERM
Topical term or geographic name as entry element Action.
650 ## - SUBJECT ADDED ENTRY--TOPICAL TERM
Topical term or geographic name as entry element Thriller.
700 ## - ADDED ENTRY--PERSONAL NAME
Personal name Chastain, Jessica, star.
700 ## - ADDED ENTRY--PERSONAL NAME
Personal name Cruz, Penélope, star.
700 ## - ADDED ENTRY--PERSONAL NAME
Personal name Bingbing, Fan, star.
700 ## - ADDED ENTRY--PERSONAL NAME
Personal name Kruger, Diane, star.
700 ## - ADDED ENTRY--PERSONAL NAME
Personal name Nyong'o, Lupita, star.
700 ## - ADDED ENTRY--PERSONAL NAME
Personal name Ramírez, Édgar, star.
700 ## - ADDED ENTRY--PERSONAL NAME
Personal name Stan, Sebastian, star.
700 ## - ADDED ENTRY--PERSONAL NAME
Personal name Maurice-Jones, Tim, cinematographer.
700 ## - ADDED ENTRY--PERSONAL NAME
Personal name Gilbert, John, editor.
700 ## - ADDED ENTRY--PERSONAL NAME
Personal name Smith, Lee, editor.
942 ## - ADDED ENTRY ELEMENTS (KOHA)
Source of classification or shelving scheme
Item type Audio-Visual Materials
Holdings
Source of acquisition Price effective from Permanent location Date last seen Not for loan Date acquired Source of classification or shelving scheme Koha item type Collection code Shelving location Damaged status Lost status Withdrawn status Current location Full call number
Donation2025-05-28Cagayan State University - Carig Library2025-05-28 2025-05-28 Audio-Visual MaterialsElectronic Media CenterElectronic Media Center   Cagayan State University - Carig Library791.4372 A11176 2022

Cagayan State University University Library, Carig Campus
Tuguegarao City, Cagayan 3500 | www.csucarig.edu.ph

Powered by Koha